Statistics for Juice WRLD - Goodbye and Good Riddance

Click here to take the quiz!

General Stats

  • This quiz has been taken 30 times
  • The average score is 10 of 16

Answer Stats

Featured Artist(if applicable)Answer% Correct
Lucid Dreams
92%
Lil Uzi VertWasted
92%
All Girls Are The Same
83%
Candles
71%
End of the Road
67%
I'm Still
67%
Used To
63%
Black & White
58%
Lean Wit Me
58%
Long Gone
58%
Armed and Dangerous
54%
Hurt Me
54%
I'll Be Fine
54%
Scared Of Love
50%
Betrayal - Skit
42%
Karma - Skit
38%

Score Distribution

Percentile by Number Answered

Percent of People with Each Score

Your Score History

You have not taken this quiz